K-pop: ITZY Members - Images - Statistics

General Stats
  • This quiz has been taken 12 times
  • The average score is 5 of 5
Answer Stats
Picture Answer % Correct
Yeji
100%
Chaeryeong
90%
Ryujin
90%
Yuna
90%
Lia
80%
No matching quizzes found
Score Distribution
Percent of People with Each Score
Percentile by Number Answered
Your Score History
You have not taken this quiz